Départements comptant le plus de menhirs - Statistiques

Statistiques générales
  • Ce quiz a été pris 48 fois
  • Le résultat moyen est 10 sur 18
Statistiques - réponses
Nombre de menhirs Département % Correct
59 Finistère
98%
49 Morbihan
96%
18 Ille et Vilaine
89%
41 Côtes d'Armor
87%
25 Loire Atlantique
84%
27 Vendée
76%
13 Calvados
69%
7 Eure
62%
18 Maine et Loire
62%
14 Mayenne
62%
9 Orne
62%
8 Sarthe
56%
7 Vienne
44%
11 Meuse
11%
7 Essonne
4%
7 Lozère
4%
11 Seine et Marne
4%
7 Côte d'Or
0%
Aucun quiz correspondant
Distribution des résultats
% des personnes avec chaque résultat
Percentile par nombre de réponses
Votre historique - résultats
Vous n’avez pas pris ce quiz